| 000 | 00800nam a2200241Ia 4500 | ||
|---|---|---|---|
| 003 | OSt | ||
| 005 | 20220923223440.0 | ||
| 006 | a|||||r|||| 00| 0 | ||
| 007 | ta | ||
| 008 | 220922b |||||||| |||| 00| 0 hin d | ||
| 024 | _a215,679 | ||
| 037 | _cTextual | ||
| 040 |
_aARTS _cARTS _bhin |
||
| 041 |
_2hin _ahin |
||
| 082 | _aQ7v, 152N9.1 | ||
| 100 | _aअब्दुस्सलाम, शाह | ||
| 245 | 0 | _aइस्लाम का इतिहास | |
| 246 | _aIslām kā itihāsa | ||
| 260 |
_aलखनऊ _b आल इण्डिया मुस्लिम एजूकेशनल फाउन्डेशन _c1990 |
||
| 300 |
_a270 पृ. _ccm. |
||
| 942 |
_hQ7v, 152N9.1 _cTEXL _2CC |
||
| 999 |
_c365364 _d365364 |
||